Quizzes
Events
Quiz Creation
Community
Videos
Private Events
Remove Ads
Sign In
Join for FREE
Feedback
Dark Mode
Quiz Categories
Sports
Geography
Music
Movies
Television
Just For Fun
Miscellaneous
History
Literature
Language
Science
Gaming
Entertainment
Religion
Holiday
For Kids
Quiz Lab
Recent
Popular Today
Quiz Kudos Today
Editor Picks
Curator Picks
Quizzes by...
Day
Popularity
Type
Ratings
Length
Year
Community
Subscriptions
Recent Discussions
Orange Saloon
Badges
Playlists
Quests
Create
Leaderboards
Showdown
Live 5
Trivia Bingo
Activity
Puzzle Library
Sporcle Events
Private Events
Virtual Trivia
Globe League
Become a Host
Pub Owners
SporcleCon
Opinionation
Our Games
Videos
Blog
Mobile Apps
Partnerships
Remove Ads and Go Orange
Feedback
Movies
Disney
Marvel Cinematic Universe
Movie Resume
Movie Titles
Oscar
Actor
Actress
Director
Pixar
Role
Movie Quotes
Movie Characters
Box Office
Nominee
Best Picture
Star Wars
James Bond
Horror Movies
Movies
Disney
Marvel Cinematic Universe
Movie Resume
Movie Titles
Oscar
Actor
Actress
Director
Pixar
Role
Movie Quotes
Movie Characters
Box Office
Nominee
Best Picture
Star Wars
James Bond
Horror Movies
Random Quiz
Search Sporcle
×
Quiz Lab
Quiz Lab
Movies
Quote
Type in answers that appear in a list
Type in answers that appear in a list
Classic
Best Score? Go Orange.
Funniest Movie Quotes!! Stats
Can you name the Funniest Movie Quotes!!?
By
Badass11
6m
15 Questions
167 Plays
167 Plays
167 Plays
Comments
Comments
Give Quiz Kudos
Give Quiz Kudos
-
- Ratings
hide this ad
Replay
Link that replays current quiz
Next Quiz
Link to next quiz in quiz playlist
You Got
0%
They Got
Avg Score
44%
Avg Friend Score
Upgrade to see
Score Distribution
Jump to the score distribution portion of the page
Score
0/15
Timer
06:00
0
Plays Today
Quote
Movie
% Correct
Although Kazakhstan a glorious country, it have a problem, too: economic, social, and Jew.
Borat
72.5%
You know when you hear girls say 'Ah man, I was so ****-
faced last night, I shouldn't have **** that guy?' We could be that mistake!
Superbad
62.9%
Do as you are trained... AND KILL THE MALAYSIAN PRIME MINISTER!
Zoolander
59.9%
You little son of a bitch ball! Why you don't you just go HOME? That's your HOME! Are you too good for your HOME? ANSWER ME! SUCK MY WHITE ASS, BALL!
Happy Gilmore
55.1%
Life moves pretty fast. You don't stop and look around once in a while, you could miss it.
Ferris Bueller's Day off
53.9%
Ladies and gentlemen, can I please have your attention. I've just been handed an urgent and horrifying news story. I need all of you, to stop what you're doing and listen. Cannonba
Anchorman
53.9%
Shampoo is better. I go on first and clean the hair. Conditioner is better. I leave the hair silky and smooth. Oh, really, fool? Really.
Billy Madison
45.5%
Even if he found that roach, how could he find us? Um... heat-
seeking missiles... bloodhounds... and foxes... barracudas...
Pineapple Express
44.3%
Quote
Movie
% Correct
Fish! Pony! Hip, Hip Hop, Hip Hop anonymous? Damn you! You gave him the easy ones.
Big Daddy
41.9%
You must have eaten, like, a hundred bucks worth of pot, and, like, 30 bucks worth of shrooms man.
Super Troopers
38.9%
I'm going to take a pillowcase and fill it full of bars of soap and beat the **** out of you!
Step Brothers
36.5%
Don't drink that water! That water's like a petri dish! Alpa, do you have any Booty Sweat?
Tropic Thunder
34.7%
It's $10 for a BJ, $12 for an HJ, $15 for a ZJ...
Beerfest
25.7%
Did you ever find Bugs Bunny attractive when he put on a dress and played girl bunny?
Wayne's World
20.4%
Give Mr. Steve a Stavi goodbye. [waves with thumb and pinkie]
The Ringer
18.6%
Quiz Playlist
Details
Report
Send in Message
Add To Playlist
Classic:
Type in answers that appear in a list
Last Updated: Feb 16, 2017
Quiz Scoreboard
CHALLENGE
Sign Up to Join the Scoreboard
Show All
Scores
Hide
Comments
May contain spoilers
Recently Published
Billboard Blitz: Fleetwood Mac
by CooCooCachoo
Music
15s
Presidents Visiting Landmarks
by Hejman
History
7m
An Introduction to Baseball
by treessimontrees
Sports
5m
More to Explore
Quiz From the Vault
Featured Blog Post
Where Did the Easter Bunny Come From?
hide this ad
You Might Also Like...
Tags
Quote Quiz
Funny
Today's Top Quizzes in Movies
Browse Movies
hide this ad
Today's Top Quizzes in Quote
Browse Quote
Top Contributed Quizzes in Movies
1
Pick 5 Posters: Directed by Spielberg
2
7-to-1: Pixar Characters
3
Pick 5 Posters: Lowest-Rated Spielberg
4
Pick 5 Posters: Directed by Scorsese
5
Sorting Actors
6
Sorting Actresses
7
Pick 5 Posters: Star & Director
8
Pick 5 Posters: Women Directed 2020s
9
12 Movies about Fictional 1960s Events
10
Multi-Oscar Nominations, One Movie, One Winner
Explore More
Trending Topics
Harry Potter
NBA
Crossword
Disney
Kpop
Anime
Marvel
Song
The Office
NFL
Soccer
Pokémon
Puzzle
WWE
Country
hide this ad
More By:
Badass11
Quiz
Plays
Rating
Category
Featured
Created
Funniest Movie Quotes!!
167
1.67
Movies
Apr 27, 2010
Go to Creator's Profile
Score Distribution
Quiz Creator Spotlight
Badass11
Follow
Send a Message
Quizzes Created
-
Created Quiz Play Count
-
More By This Creator
Popular Quizzes Today
1
Find the US States - No Outlines Minefield
2
Find the Countries of Europe - No Outlines Minefield
3
The Countries of the World
4
Find the US States
5
US States
6
Popular People in 1961
7
Risky Map Clicking: Biggest States A-Z
8
Movies - When Are They Set?
More Movies Quizzes
Prince Ali Clicky-Oke
Quiz Lab
Trending Quizzes
Risky Map Clicking: Least Populous States A-Z
1-10 Letter G Words
1-10 Letter F Words
Risky Map Clicking: Next State Alphabetically
Risky Map Clicking: Biggest States A-Z
Recently Updated
Leaping Animals
pecheneg
Reality TV Shows (A-Z)
bhenderson79
Rickey Henderson's Hall of Fame Teammates
pecheneg
Champions League XIs: Arsenal
pecheneg
Quick Pick: Celebrities in WWE's Hall of Fame
aduchscher
A-Z Keypad Blitz II
pecheneg
Multiple Oscar Actors
pecheneg
Mystery Phrase Blitz: Oscar 'Best Actors'
pecheneg
F. Scott Fitzgerald Novels
LTH
Pick 3 Villains
ddd62291
Trending Topics
Kpop
Anime
Harry Potter
Crossword
Marvel
Disney
NBA
WWE
The Office
Country
Pokémon
Soccer
NFL
Puzzle
Song
Your Account Isn't Verified!
In order to create a playlist on Sporcle, you need to verify the email address you used during registration. Go to your
Sporcle Settings
to finish the process.
Report this User
Report this user for behavior that violates our
Community Guidelines
.
Details:
Send Report
Go to the Sporcle.com Mobile Site →
Comments